|
|
|
|
| LEADER |
01287nam a2200349Ia 4500 |
| 001 |
EBC275467 |
| 003 |
MiAaPQ |
| 005 |
20200520144314.0 |
| 006 |
m o d | |
| 007 |
cr cn||||||||| |
| 008 |
000815s2006 enk s 000 0 eng d |
| 020 |
|
|
|z 1846631122
|
| 035 |
|
|
|a (MiAaPQ)EBC275467
|
| 035 |
|
|
|a (Au-PeEL)EBL275467
|
| 035 |
|
|
|a (CaPaEBR)ebr10146635
|
| 035 |
|
|
|a (CaONFJC)MIL70547
|
| 035 |
|
|
|a (OCoLC)437174981
|
| 040 |
|
|
|a MiAaPQ
|c MiAaPQ
|d MiAaPQ
|
| 050 |
|
4 |
|a RC569.5.W67
|b W67 2006
|
| 245 |
0 |
0 |
|a Workaholism in organizations
|h [electronic resource] :
|b new research directions /
|c guest editors: Raphael Snir, Itzhak Harpaz and Ronald Burke.
|
| 260 |
|
|
|a Bradford, England :
|b Emerald Group Publishing,
|c c2006.
|
| 300 |
|
|
|a 121 p.
|
| 490 |
0 |
|
|a Career Development International ;
|v 11, no. 5
|
| 533 |
|
|
|a Electronic reproduction. Ann Arbor, MI : ProQuest, 2015. Available via World Wide Web. Access may be limited to ProQuest affiliated libraries.
|
| 650 |
|
0 |
|a Workaholism.
|
| 650 |
|
0 |
|a Work environment.
|
| 655 |
|
4 |
|a Electronic books.
|
| 700 |
1 |
|
|a Snir, Raphael.
|
| 700 |
1 |
|
|a Harpaz, Itzhak.
|
| 700 |
1 |
|
|a Burke, Ronald.
|
| 710 |
2 |
|
|a ProQuest (Firm)
|
| 856 |
4 |
0 |
|u https://ebookcentral.proquest.com/lib/matrademy/detail.action?docID=275467
|z Click to View
|